Interaksi dwialam

Bibliographic Details
Main Author: Amran Chik
Corporate Authors: Series, Title
Format: Book
Published: Selangor : Penapro , 2005
Series:Siri fiksyen sains millenium
Subjects:

MARC

LEADER 00000cam a2200000 7i4500
001 0000000416
005 20151222.0
008 070702
020 |a 9839496697(set) 
020 |a 9839496735 
090 0 0 |a JF   |b SC MAL (751) 
100 0 |a Amran Chik 
245 1 0 |a Interaksi dwialam   |c Amran Chik 
260 |a Selangor :   |b Penapro ,   |c 2005 
440 |a Siri fiksyen sains millenium 
500 |a Children ages 7-9 years old (orange) 
650 0 |a Junior fiction   |x Malay   |x Languages 
650 0 |a Science fiction, Malay 
710 0 |a Series 
710 0 |a Title 
999 |a 0000956391   |b Book   |c Children Collection   |e Perbadanan Perpustakaan Awam Johor 
999 |a 0000956392   |b Book   |c Children Collection   |e Perbadanan Perpustakaan Awam Johor 
999 |a 0000956393   |b Book   |c Children Collection   |e Perbadanan Perpustakaan Awam Johor 
999 |a 0000989760   |b Book   |c Children Collection   |e Perbadanan Perpustakaan Awam Johor 
999 |a 0000989761   |b Book   |c Children Collection   |e Perbadanan Perpustakaan Awam Johor 
999 |a 0000989762   |b Book   |c Children Collection   |e Cawangan Kota Tinggi 
999 |a 0000989763   |b Book   |c Children Collection   |e Cawangan Segamat 
999 |a 0000989764   |b Book   |c Children Collection   |e Cawangan Segamat